000 01095cam a2200373 4500
001 ABS63181
008 000000n2000 000 0 eng u
035 _a(Sirsi) u109484
100 _aCooper, M
245 _aFar East: eastern arising
260 _c2000
490 _aEstates Gazette
_v(0045) 11 November 2000, 77-81(5)
520 _aSpecial feature on the Asia-Pacific property market. Focuses on the region's economic recovery since the Asian financial crash, and western investment in the property market. Graphs.
590 _aABS
650 _aPACIFIC
650 _aASIA
650 _aCHINA
650 _aHONG KONG
650 _aSINGAPORE
650 _aSEOUL
650 _aMALAYSIA
650 _aTHAILAND
650 _aSHANGHAI
650 _aBEIJING
650 _aDTZ DEBENHAM TIE LEUNG
650 _aECONOMY
650 _aINVESTMENT MARKET
650 _aPROPERTY-COMMERCIAL PROPERTY-OFFICE PROPERTY-OFFICE PROPERTY MARKET
650 _aRENTAL VALUES
650 _aOFFICE RENTS
690 _aINTERNATIONAL-ASIA
700 _aBill, P
942 _n0
999 _c65364
_d65364